[Event "Open Alimini A"]
[Site "Otranto ITA"]
[Date "2011.05.26"]
[Round "7"]
[White "Sreeves, Clement"]
[Black "Sbarra, Marco"]
[WhiteElo "2173"]
[BlackElo "2278"]
[Result "1/2-1/2"]
[PlyCount "78"]
[EventDate "2011.05.21"]

1. e4 e5 2. Nf3 Nc6 3. Bb5 a6 4. Ba4 Nf6 5. O-O Be7 6. Re1 b5 7. Bb3 d6 8. c3
O-O 9. h3 Na5 10. Bc2 c5 11. d4 Qc7 12. Nbd2 Nc6 13. dxc5 dxc5 14. Nf1 Be6 15.
Ne3 Rad8 16. Qe2 c4 17. Nf5 Bxf5 18. exf5 Rfe8 19. Ng5 Nb8 20. b4 Nbd7 21. a4
Nd5 22. Nxh7 Kxh7 23. f6+ Kg8 24. fxe7 Rxe7 25. Bg5 N7f6 26. Bxf6 Nxf6 27. axb5
axb5 28. Rad1 Ree8 29. Rxd8 Qxd8 30. Rd1 Qc7 31. Qf3 e4 32. Qf5 Qc6 33. Rd4 e3
34. fxe3 Rxe3 35. Rd8+ Re8 36. Rxe8+ Qxe8 37. Kf2 Qc6 38. Qe5 g6 39. Bd1 Qd5
1/2-1/2

[Event "Open Alimini A"]
[Site "Otranto ITA"]
[Date "2011.05.26"]
[Round "7"]
[White "Thorfinnsson, Bjorn"]
[Black "Laketic, Gojko"]
[WhiteElo "2415"]
[BlackElo "2442"]
[Result "1/2-1/2"]
[PlyCount "107"]
[EventDate "2011.05.21"]

1. c4 e5 2. Nc3 Nf6 3. g3 g6 4. Bg2 Bg7 5. e4 O-O 6. Nge2 c6 7. O-O Na6 8. d3
d6 9. h3 Nh5 10. Be3 f5 11. exf5 gxf5 12. f4 Nc7 13. d4 exf4 14. Nxf4 Nxg3 15.
Rf3 Ne4 16. Nxe4 fxe4 17. Rg3 d5 18. Nh5 Ne8 19. cxd5 cxd5 20. Bh6 Rf7 21. Qb3
Kh8 22. Nxg7 Nxg7 23. Rxg7 Rxg7 24. Bxg7+ Kxg7 25. Qg3+ Kh6 26. Rf1 Qg5 27.
Qd6+ Kh5 28. Kh2 Bf5 29. Qxd5 Bg6 30. Bxe4 Kh6 31. Qxg5+ Kxg5 32. Bxg6 hxg6 33.
d5 Rd8 34. Rd1 Kf4 35. d6 Rd7 36. Kg2 Ke5 37. Kg3 Rxd6 38. Rxd6 Kxd6 39. Kf4
Ke6 40. Kg5 Kf7 41. Kh6 Kf6 42. h4 a5 43. Kh7 g5 44. hxg5+ Kxg5 45. Kg7 Kf5 46.
Kf7 Ke4 47. Ke6 Kd3 48. Kd5 Kc2 49. b3 Kb2 50. Kc4 Kxa2 51. Kb5 Kxb3 52. Kxa5
Kc4 53. Kb6 Kb4 54. Kxb7 1/2-1/2

[Event "Open Alimini A"]
[Site "Otranto ITA"]
[Date "2011.05.27"]
[Round "8"]
[White "Altini, Nicola"]
[Black "Piscopo, Pierluigi"]
[WhiteElo "2206"]
[BlackElo "2417"]
[Result "1/2-1/2"]
[PlyCount "26"]
[EventDate "2011.05.21"]

1. Nf3 d6 2. d4 Bg4 3. c4 Nd7 4. Nc3 Ngf6 5. g3 Bxf3 6. exf3 g6 7. Bg2 Bg7 8.
f4 c6 9. O-O O-O 10. Re1 e6 11. d5 cxd5 12. cxd5 e5 13. Be3 a6 1/2-1/2

[Event "Open Alimini A"]
[Site "Otranto ITA"]
[Date "2011.05.27"]
[Round "8"]
[White "Ambrosanio, Raffaele"]
[Black "Messina, Roberta"]
[WhiteElo "1956"]
[BlackElo "1897"]
[Result "1-0"]
[PlyCount "71"]
[EventDate "2011.05.21"]

1. c4 e5 2. Nc3 Nf6 3. g3 d5 4. cxd5 Nxd5 5. Bg2 Nb6 6. Nf3 Nc6 7. d3 Be7 8.
O-O O-O 9. Be3 Be6 10. a3 f6 11. Rc1 Qd7 12. Re1 Rfd8 13. Ne4 Bd5 14. Qc2 Rac8
15. Bc5 Bxe4 16. dxe4 Bxc5 17. Qxc5 Qg4 18. Qb5 Kh8 19. Red1 Rd7 20. Rxd7 Qxd7
21. e3 Rd8 22. Qb3 g6 23. h3 Kg7 24. Bf1 Qd6 25. Kh2 Na5 26. Qc3 Qc6 27. Qe1
Qxe4 28. Rxc7+ Kh6 29. Bg2 Qa4 30. Qc1 Rd7 31. Qc5 Rxc7 32. Qxc7 Qc4 33. Qe7
Qc8 34. Qxf6 Nac4 35. Ng5 Nd6 36. Ne6 1-0

[Event "Open Alimini A"]
[Site "Otranto ITA"]
[Date "2011.05.27"]
[Round "8"]
[White "Antkowiak, Grzegorz"]
[Black "Bonanno, Alessandro"]
[WhiteElo "2211"]
[BlackElo "2142"]
[Result "1/2-1/2"]
[PlyCount "56"]
[EventDate "2011.05.21"]

1. e4 c5 2. c3 Qa5 3. Nf3 Nc6 4. d3 d6 5. Be2 g6 6. O-O Nf6 7. Bg5 Bg7 8. Nbd2
h6 9. Bh4 g5 10. Bg3 Nh5 11. Nc4 Qc7 12. Rc1 Nxg3 13. hxg3 O-O 14. Ne3 e6 15.
g4 Ne7 16. d4 d5 17. e5 Qb6 18. b3 Bd7 19. g3 cxd4 20. cxd4 Rac8 21. Qd2 Nc6
22. Bd3 f6 23. exf6 Bxf6 24. Nc2 Kg7 25. Qe3 Rfe8 26. Rce1 e5 27. dxe5 Nxe5 28.
Nxe5 Qxe3 1/2-1/2

[Event "Open Alimini A"]
[Site "Otranto ITA"]
[Date "2011.05.27"]
[Round "8"]
[White "Brunello, Marina"]
[Black "Korneev, Oleg"]
[WhiteElo "2177"]
[BlackElo "2573"]
[Result "1/2-1/2"]
[PlyCount "232"]
[EventDate "2011.05.21"]

1. e4 c5 2. c3 d5 3. exd5 Qxd5 4. d4 Nf6 5. Nf3 Bg4 6. Be2 e6 7. h3 Bh5 8. O-O
Nc6 9. Be3 cxd4 10. Nxd4 Bxe2 11. Qxe2 Bc5 12. Nxc6 Qxc6 13. Bxc5 Qxc5 14. Nd2
O-O 15. Ne4 Nxe4 16. Qxe4 Qb6 17. Qe2 h6 18. Rfd1 Rfd8 19. Qc2 Rac8 20. Rab1 a6
21. Qe2 g6 22. Rbc1 h5 23. Rc2 Qb5 24. Rxd8+ Rxd8 25. Qxb5 axb5 26. Kf1 Kf8 27.
Ke2 Ke7 28. Rd2 Ra8 29. a3 Ra4 30. Ke3 Rc4 31. Rd4 Rc5 32. a4 g5 33. Rb4 bxa4
34. Rxb7+ Kf6 35. Ra7 Rb5 36. Rxa4 Rxb2 37. g3 Rc2 38. Rc4 Rc1 39. h4 gxh4 40.
gxh4 Rh1 41. Rf4+ Ke7 42. Ra4 f5 43. f3 Re1+ 44. Kf4 Kf6 45. Ra8 e5+ 46. Kg3
Re3 47. Ra6+ Kf7 48. Kf2 Rxc3 49. Rh6 Rc2+ 50. Kf1 Ra2 51. Ke1 Rh2 52. Rxh5 Ke6
53. Rh8 Kd5 54. Rd8+ Kc4 55. h5 Rxh5 56. Ke2 Rh2+ 57. Ke3 Ra2 58. Rc8+ Kd5 59.
Rd8+ Ke6 60. Re8+ Kd6 61. f4 Ra3+ 62. Ke2 Ra2+ 63. Ke3 Ra3+ 64. Ke2 exf4 65.
Kf2 Kd5 66. Rf8 Ke6 67. Re8+ Kf7 68. Rb8 Kf6 69. Rf8+ Kg6 70. Rg8+ Kh5 71. Rh8+
Kg4 72. Rg8+ Kh4 73. Rh8+ Kg5 74. Rg8+ Kh6 75. Rf8 Kg6 76. Rg8+ Kf7 77. Rb8 Re3
78. Rb6 Re6 79. Rb4 Re4 80. Rb6 Re6 81. Rb4 Kf6 82. Rxf4 Ra6 83. Rf3 Ra2+ 84.
Kf1 Ke5 85. Rb3 Ke4 86. Rb4+ Kf3 87. Rb3+ Kg4 88. Rb4+ f4 89. Rb3 Rd2 90. Ra3
Kf5 91. Ra5+ Ke4 92. Ra4+ Ke3 93. Ra3+ Ke4 94. Ra4+ Kf3 95. Ra3+ Kg4 96. Rb3
Rd1+ 97. Kf2 Ra1 98. Rc3 Ra2+ 99. Kf1 Rh2 100. Ra3 Rh1+ 101. Kf2 Rb1 102. Rc3
Kf5 103. Ra3 Kg4 104. Rc3 Rb2+ 105. Kf1 Rd2 106. Ra3 Kf5 107. Ra5+ Ke4 108.
Ra4+ Ke3 109. Ra3+ Rd3 110. Rxd3+ Kxd3 111. Kf2 Ke4 112. Ke2 f3+ 113. Kf2 Kf4
114. Kf1 Kg3 115. Kg1 f2+ 116. Kf1 Kf3 1/2-1/2

[Event "Open Alimini A"]
[Site "Otranto ITA"]
[Date "2011.05.27"]
[Round "8"]
[White "Casadei, Mauro"]
[Black "La Manna, Andrea"]
[WhiteElo "2174"]
[BlackElo "2199"]
[Result "1/2-1/2"]
[PlyCount "112"]
[EventDate "2011.05.21"]

1. d4 f5 2. g3 Nf6 3. Bg2 g6 4. Nf3 Bg7 5. O-O O-O 6. b3 d6 7. Bb2 Qe8 8. c4
Na6 9. Qc2 Rb8 10. Nc3 c6 11. a4 Nb4 12. Qd2 a5 13. Rad1 h6 14. d5 cxd5 15.
cxd5 Qf7 16. Nd4 b6 17. Ndb5 Bb7 18. Ba3 Rbc8 19. Bxb4 axb4 20. Na2 Ne4 21.
Bxe4 fxe4 22. Nxb4 Rc5 23. Qe3 Bxd5 24. Nxd5 Rxd5 25. Rxd5 Qxd5 26. Rc1 Rf5 27.
Qxb6 Qxb3 28. Qd8+ Bf8 29. Qe8 Rf7 30. a5 Qb2 31. Rf1 Qa2 32. Nd4 Qxa5 33. e3
Qa2 34. Nc6 Qd5 35. Nd4 Kh7 36. Nc6 Kg8 37. Nd8 Rf6 38. Nc6 Qf7 39. Qa8 Kh7 40.
Nd8 Qe8 41. Ra1 Qd7 42. Nc6 Qf5 43. Ra2 Qg4 44. Nd4 Rf7 45. Qd5 Rf6 46. Kg2 Qd7
47. Rb2 Bg7 48. Rb7 Qe8 49. Qxe4 e6 50. Qb1 e5 51. Ne2 Qc6+ 52. e4 d5 53. Qb5
d4 54. Qxc6 Rxc6 55. Rd7 Rc2 56. Kf1 Ra2 1/2-1/2

[Event "Open Alimini A"]
[Site "Otranto ITA"]
[Date "2011.05.27"]
[Round "8"]
[White "Conquest, Stuart C."]
[Black "Codenotti, Marco"]
[WhiteElo "2532"]
[BlackElo "2284"]
[Result "0-1"]
[PlyCount "76"]
[EventDate "2011.05.21"]

1. e4 c5 2. b3 Nf6 3. e5 Nd5 4. Bb2 g6 5. h4 Bg7 6. Nf3 Nc6 7. Na3 d6 8. Bb5
Bd7 9. Bc4 Be6 10. Ng5 Bxe5 11. Nxe6 fxe6 12. Bxe5 Nxe5 13. Bb5+ Nc6 14. h5 Kd7
15. Qe2 Nf4 16. Qg4 Qf8 17. O-O-O Nxh5 18. Rde1 Qf5 19. Qc4 Nf4 20. g3 Nd5 21.
Re2 a6 22. Bxc6+ bxc6 23. Rhe1 e5 24. Qh4 g5 25. Qh5 Raf8 26. Nc4 g4 27. Qh4 h5
28. c3 Qf6 29. Rh1 Qxh4 30. Rxh4 Nc7 31. Rh1 Ne6 32. Nb2 Ng5 33. d3 Nh3 34. Nd1
Rf7 35. Kd2 Rhf8 36. Ke1 Rf3 37. Rd2 R8f7 38. Rh2 h4 0-1

[Event "Open Alimini A"]
[Site "Otranto ITA"]
[Date "2011.05.27"]
[Round "8"]
[White "Drazic, Sinisa"]
[Black "Dvirnyy, Danyyil"]
[WhiteElo "2486"]
[BlackElo "2448"]
[Result "1/2-1/2"]
[PlyCount "76"]
[EventDate "2011.05.21"]

1. d4 Nf6 2. c4 g6 3. Nc3 d5 4. cxd5 Nxd5 5. Na4 e5 6. dxe5 Bb4+ 7. Bd2 Ne3 8.
fxe3 Bxd2+ 9. Qxd2 Qh4+ 10. g3 Qxa4 11. Bg2 Nc6 12. Qc3 Be6 13. Bxc6+ bxc6 14.
Nf3 O-O 15. b3 Qb5 16. e4 a5 17. Kf2 a4 18. Rhc1 c5 19. Rab1 Ra5 20. bxa4 Qxa4
21. Qe3 Kg7 22. Rb2 Rfa8 23. Rxc5 Rxc5 24. Qxc5 Qxe4 25. a3 Qd5 26. Qe3 Qa5 27.
Rc2 Qxa3 28. Qxa3 Rxa3 29. Rxc7 Ra5 30. h3 h6 31. g4 Kf8 32. e4 Ra2+ 33. Ke3
Ra3+ 34. Kf4 g5+ 35. Kg3 Re3 36. Ra7 Rxe4 37. Ra8+ Kg7 38. Rd8 f6 1/2-1/2

[Event "Open Alimini A"]
[Site "Otranto ITA"]
[Date "2011.05.27"]
[Round "8"]
[White "Lanzani, Giuliano"]
[Black "Du Plessis, Heinco"]
[WhiteElo "1970"]
[BlackElo "2120"]
[Result "0-1"]
[PlyCount "58"]
[EventDate "2011.05.21"]

1. d4 d5 2. c4 c6 3. Nc3 dxc4 4. e3 b5 5. a4 b4 6. Ne4 Bf5 7. Ng3 Bg6 8. Bxc4
e6 9. Nf3 Nf6 10. h4 Ne4 11. Nxe4 Bxe4 12. Bd3 Bxd3 13. Qxd3 Nd7 14. b3 Be7 15.
Bb2 O-O 16. g4 c5 17. Ng5 Nf6 18. Ke2 Rc8 19. e4 cxd4 20. e5 g6 21. exf6 Bxf6
22. Nxh7 Kxh7 23. g5 Be5 24. h5 Kg7 25. hxg6 fxg6 26. Qb5 d3+ 27. Kd2 Rxf2+ 28.
Ke3 Re2+ 29. Kf3 Qf8+ 0-1

[Event "Open Alimini A"]
[Site "Otranto ITA"]
[Date "2011.05.27"]
[Round "8"]
[White "O'Leary, Matt"]
[Black "Orsi, Massimiliano"]
[WhiteElo "2007"]
[BlackElo "2037"]
[Result "0-1"]
[PlyCount "52"]
[EventDate "2011.05.21"]

1. d4 d5 2. c4 e6 3. Nc3 c5 4. Nf3 Nc6 5. cxd5 exd5 6. dxc5 d4 7. Ne4 f5 8. Bg5
Qd5 9. Nd6+ Bxd6 10. cxd6 Nf6 11. Bxf6 gxf6 12. e3 Qa5+ 13. Nd2 Be6 14. Qh5+
Bf7 15. d7+ Ke7 16. Qf3 Rad8 17. Bd3 Ne5 18. Qxf5 Bg6 19. Qh3 Nxd3+ 20. Ke2 Qb5
21. Qg3 Ne5+ 22. Kd1 dxe3 23. Qxe3 Qd3 24. Qc5+ Kf7 25. Qxa7 Rxd7 26. Qe3 Rhd8
0-1

[Event "Open Alimini A"]
[Site "Otranto ITA"]
[Date "2011.05.27"]
[Round "8"]
[White "Pizzuto, Samuele Tullio"]
[Black "Navarro Lopez-Menchero, Daniel"]
[WhiteElo "2136"]
[BlackElo "2137"]
[Result "0-1"]
[PlyCount "76"]
[EventDate "2011.05.21"]

1. e4 c5 2. Nc3 Nc6 3. f4 e6 4. Nf3 d5 5. d3 Nf6 6. Be2 b5 7. e5 Nd7 8. O-O Rb8
9. Qe1 Qc7 10. Qg3 b4 11. Na4 g6 12. Kh1 Ba6 13. Ng5 Bb5 14. Nxf7 Kxf7 15. f5
Kg7 16. fxe6 Ncxe5 17. Rf7+ Kg8 18. Bg5 Qd6 19. Rxd7 Bxd7 20. exd7 Qxd7 21. Bf6
Bg7 22. Nxc5 Qd6 23. Bxg7 Kxg7 24. d4 Nf7 25. Qd3 Rhe8 26. Rf1 Re7 27. Qd2 Rbe8
28. Bb5 Rb8 29. Bd3 a5 30. Qf2 Nh6 31. Qh4 Rbe8 32. Bb5 Nf5 33. Qf2 Rb8 34. Be2
Ne3 35. Rc1 Rf8 36. Bf3 Qf4 37. c3 Ng4 38. Qg1 Nf2+ 0-1

[Event "Open Alimini A"]
[Site "Otranto ITA"]
[Date "2011.05.27"]
[Round "8"]
[White "Plachkinova, Tatjana"]
[Black "Glek, Igor V."]
[WhiteElo "2137"]
[BlackElo "2424"]
[Result "0-1"]
[PlyCount "84"]
[EventDate "2011.05.21"]

1. d4 Nf6 2. c4 g6 3. Nc3 Bg7 4. e4 d6 5. Be2 O-O 6. Nf3 Na6 7. O-O c6 8. Re1
e5 9. d5 Nc5 10. Bf1 a5 11. Rb1 Bd7 12. b3 cxd5 13. cxd5 b5 14. Bg5 b4 15. Nb5
Qb6 16. Bxf6 Bxf6 17. a4 bxa3 18. Nxa3 Rfb8 19. Nc4 Qc7 20. Qc2 Rb4 21. Rec1 a4
22. bxa4 Bxa4 23. Qe2 Rab8 24. Rxb4 Rxb4 25. Qe1 Rb8 26. Rb1 Bc2 27. Rxb8+ Qxb8
28. Nfd2 Bg5 29. f3 Qb4 30. Qf2 Nd3 31. Bxd3 Bxd3 32. Ne3 Qd4 33. Ndf1 Qa1 34.
f4 exf4 35. Ng4 h5 36. h4 hxg4 37. hxg5 Qxf1+ 38. Qxf1 Bxf1 39. Kxf1 f6 40.
gxf6 Kf7 41. Kf2 Kxf6 42. g3 g5 0-1

[Event "Open Alimini A"]
[Site "Otranto ITA"]
[Date "2011.05.27"]
[Round "8"]
[White "Virzi, Ettore"]
[Black "Palmitessa, Chiara"]
[WhiteElo "1963"]
[BlackElo "1927"]
[Result "1-0"]
[PlyCount "99"]
[EventDate "2011.05.21"]

1. e4 e5 2. Nf3 Nc6 3. Bb5 a6 4. Ba4 Nf6 5. O-O b5 6. Bb3 Bc5 7. a4 Bb7 8. Nc3
O-O 9. d3 b4 10. Nd5 Nxd5 11. Bxd5 d6 12. c3 bxc3 13. bxc3 Rb8 14. a5 Qe8 15.
d4 Ba7 16. Re1 Bc8 17. Ba3 exd4 18. cxd4 Nxa5 19. Bxd6 cxd6 20. Rxa5 Rb5 21.
Qa4 Rxa5 22. Qxa5 Qd8 23. Qxd8 Rxd8 24. Ng5 Kf8 25. Nxf7 Rd7 26. Rc1 Bb7 27.
Bxb7 Rxb7 28. Nxd6 Rd7 29. e5 g6 30. Rc8+ Kg7 31. Rc4 Bb8 32. Rc6 a5 33. Kf1 a4
34. Nb5 Rb7 35. Rc5 Kf7 36. Ke2 Ke6 37. Kd3 Rf7 38. f3 Rb7 39. Kc2 Ba7 40. Nxa7
Rxa7 41. Kb2 Rb7+ 42. Ka2 Rb4 43. Rc6+ Ke7 44. d5 Rd4 45. Rc7+ Kd8 46. d6 g5
47. Rxh7 Rd2+ 48. Ka3 Re2 49. Kxa4 Rxe5 50. Rg7 1-0

[Event "Open Alimini A"]
[Site "Otranto ITA"]
[Date "2011.05.27"]
[Round "8"]
[White "Zielinski, Werner"]
[Black "Boffa, Mauro"]
[WhiteElo "2137"]
[BlackElo "2126"]
[Result "0-1"]
[PlyCount "56"]
[EventDate "2011.05.21"]

1. d4 g6 2. Nf3 Bg7 3. g3 f5 4. Bg2 Nf6 5. O-O d6 6. b4 Ne4 7. Bb2 c5 8. Nfd2
Nc6 9. Nxe4 fxe4 10. c3 Qb6 11. dxc5 dxc5 12. Qb3 cxb4 13. Bxe4 Na5 14. Qc2 Nc4
15. Bd3 Nxb2 16. Qxb2 O-O 17. a4 Bh3 18. a5 Qc6 19. e4 Bxf1 20. Bxf1 bxc3 21.
Qc2 Bd4 22. Ra4 Qf6 23. Kh1 Qxf2 24. Qxf2 Rxf2 25. Bc4+ Kg7 26. Na3 c2 27. Nxc2
Rxc2 28. Bd5 Rf8 0-1

[Event "Open Alimini A"]
[Site "Otranto ITA"]
[Date "2011.05.28"]
[Round "9"]
[White "Bonanno, Alessandro"]
[Black "Plachkinova, Tatjana"]
[WhiteElo "2142"]
[BlackElo "2137"]
[Result "0-1"]
[PlyCount "70"]
[EventDate "2011.05.21"]

1. e4 c5 2. Nf3 Nc6 3. d4 cxd4 4. Nxd4 Nf6 5. Nc3 d6 6. Bc4 e6 7. Bb3 Be7 8.
Be3 O-O 9. f3 a6 10. Qd2 Qc7 11. O-O-O Na5 12. g4 b5 13. g5 Nxb3+ 14. cxb3 Nxe4
15. fxe4 b4 16. Qc2 bxc3 17. bxc3 Bb7 18. h4 Rac8 19. Kb2 d5 20. exd5 Bxd5 21.
Rh3 Qa5 22. Bd2 Bc5 23. Qd3 Rfd8 24. Kb1 Qb6 25. Bf4 a5 26. Be5 a4 27. b4 a3
28. Ka1 Bd6 29. Bxd6 Qxd6 30. h5 Bc4 31. Qf3 e5 32. g6 exd4 33. Rxd4 Qe7 34.
gxh7+ Kh8 35. Rxd8+ Rxd8 0-1

[Event "Open Alimini A"]
[Site "Otranto ITA"]
[Date "2011.05.28"]
[Round "9"]
[White "Bruno, Fabio"]
[Black "Adrian, Claude"]
[WhiteElo "2459"]
[BlackElo "2267"]
[Result "0-1"]
[PlyCount "138"]
[EventDate "2011.05.21"]

1. Nf3 d5 2. d4 Nc6 3. c4 e5 4. Nxe5 Nxe5 5. dxe5 d4 6. g3 f6 7. Bg2 fxe5 8.
O-O Nf6 9. e3 Be7 10. Na3 O-O 11. exd4 exd4 12. Nb5 Bc5 13. Bf4 c6 14. Nc7 g5
15. Nxa8 gxf4 16. Qd2 Ng4 17. b4 Be7 18. h3 Ne5 19. gxf4 Ng6 20. Rab1 Nxf4 21.
Rb3 d3 22. Re1 Bg5 23. Re3 Bxh3 24. Rg3 Bxg2 25. Rbxd3 Nxd3 26. Rxg5+ Kh8 27.
Qc3+ Qf6 28. Qxf6+ Rxf6 29. Kxg2 Rxf2+ 30. Kg3 Rf8 31. Nc7 Nxb4 32. Rh5 a6 33.
Ne6 Re8 34. Ng5 Re7 35. Kf4 Nc2 36. Kf5 Rd7 37. Ke6 Rg7 38. Nf7+ Kg8 39. Nh6+
Kf8 40. Nf5 Rg6+ 41. Ke5 h6 42. Rh3 Ke8 43. Rd3 Nb4 44. Rd2 c5 45. Nd6+ Kd7 46.
Nxb7+ Kc7 47. Na5 Rg3 48. Rh2 Rg6 49. a3 Nd3+ 50. Ke4 Rd6 51. Nb3 Kc6 52. Na5+
Kb6 53. Nb3 Kc6 54. Na5+ Kb6 55. Nb3 a5 56. Rd2 a4 57. Na1 Rd4+ 58. Ke3 Ne5 59.
Rxd4 cxd4+ 60. Kxd4 Nc6+ 61. Kd5 h5 62. Nc2 h4 63. Ne3 h3 64. Nf1 Nb4+ 65. Kd6
Nc2 66. c5+ Ka5 67. c6 Nxa3 68. c7 Nb5+ 69. Kc6 Nxc7 0-1

[Event "Open Alimini A"]
[Site "Otranto ITA"]
[Date "2011.05.28"]
[Round "9"]
[White "Codenotti, Marco"]
[Black "Drazic, Sinisa"]
[WhiteElo "2284"]
[BlackElo "2486"]
[Result "1/2-1/2"]
[PlyCount "163"]
[EventDate "2011.05.21"]

1. e4 c6 2. d4 d5 3. Nd2 dxe4 4. Nxe4 Nf6 5. Nxf6+ exf6 6. Be3 Qd6 7. Qd2 Be6
8. Bd3 Nd7 9. Ne2 Nb6 10. O-O Nd5 11. c4 Nxe3 12. Qxe3 Rd8 13. Rad1 Be7 14. Nf4
Bg4 15. Rde1 g6 16. h3 Bc8 17. c5 Qc7 18. Bc4 O-O 19. d5 Bxc5 20. Qxc5 Qxf4 21.
dxc6 bxc6 22. Qxc6 Bf5 23. b3 Bd3 24. Bxd3 Rxd3 25. Qe4 Qd6 26. Qe7 Qa6 27. Qe2
Rfd8 28. Rd1 R8d6 29. Rxd3 Rxd3 30. Rc1 Qd6 31. Qe4 Kg7 32. g3 Rd2 33. Rc2 Rd1+
34. Kh2 h5 35. Re2 Ra1 36. h4 Qd1 37. f4 Qg1+ 38. Kh3 Qc5 39. Kh2 a5 40. Rc2
Qg1+ 41. Kh3 Qb1 42. Qg2 Qd1 43. Kh2 Qg4 44. Qe2 Qf5 45. Qf2 Rd1 46. Qe2 Qd7
47. Qf2 Rd3 48. Re2 Qd5 49. Qg2 Qd6 50. Qe4 Qd7 51. Qg2 Qg4 52. Rd2 Re3 53. Qh3
Qf3 54. Qg2 Qg4 55. Qh3 f5 56. Qxg4 fxg4 57. Kg2 Kf6 58. Kf2 Rf3+ 59. Kg2 Rc3
60. Re2 Rd3 61. Kf2 Rf3+ 62. Kg2 Rc3 63. Kf2 Rf3+ 64. Kg2 a4 65. bxa4 Ra3 66.
Kf2 Rxa4 67. Kg2 Ra3 68. Kf2 Kg7 69. Kg2 Kf8 70. Kf2 f6 71. Kg2 Kf7 72. Kf2 Ra5
73. Kg2 g5 74. hxg5 fxg5 75. fxg5 Kg6 76. Kf2 Kxg5 77. Kg2 h4 78. gxh4+ Kxh4
79. Re3 Rxa2+ 80. Kg1 Rd2 81. Ra3 g3 82. Ra8 1/2-1/2

[Event "Open Alimini A"]
[Site "Otranto ITA"]
[Date "2011.05.28"]
[Round "9"]
[White "Du Plessis, Heinco"]
[Black "Antkowiak, Grzegorz"]
[WhiteElo "2120"]
[BlackElo "2211"]
[Result "0-1"]
[PlyCount "100"]
[EventDate "2011.05.21"]

1. e4 c5 2. Nf3 e6 3. d4 Nf6 4. Nc3 cxd4 5. Nxd4 d6 6. g4 h6 7. h4 a6 8. Rg1
Nfd7 9. g5 hxg5 10. hxg5 g6 11. Be3 b5 12. a3 Bb7 13. f4 Nc6 14. Qe2 Qa5 15.
Nb3 Qc7 16. O-O-O O-O-O 17. Nd4 Nxd4 18. Bxd4 e5 19. Be3 Nb6 20. Bxb6 Qxb6 21.
Rg3 exf4 22. Qg4+ Kb8 23. Qxf4 Bg7 24. Rgd3 Be5 25. Qxf7 Rc8 26. Qxg6 Rh2 27.
Bh3 Rc7 28. Qg8+ Ka7 29. Qb3 Qf2 30. Bf5 Qf4+ 31. Kb1 Qxg5 32. a4 bxa4 33. Qxa4
Rc5 34. Qb3 Qg7 35. Nd5 Bxd5 36. Rxd5 Rcxc2 37. Qxc2 Rxc2 38. Kxc2 Bxb2 39.
Rxd6 Qc3+ 40. Kb1 Ba3 41. Rd7+ Kb6 42. R1d2 a5 43. R7d3 Qc1+ 44. Ka2 Bb4 45.
Rd6+ Bxd6 46. Rxd6+ Kc5 47. Rd7 Qc4+ 48. Kb2 Qb4+ 49. Ka2 a4 50. Rd3 Qc4+ 0-1

[Event "Open Alimini A"]
[Site "Otranto ITA"]
[Date "2011.05.28"]
[Round "9"]
[White "Glek, Igor V."]
[Black "Thorfinnsson, Bjorn"]
[WhiteElo "2424"]
[BlackElo "2415"]
[Result "0-1"]
[PlyCount "84"]
[EventDate "2011.05.21"]

1. e4 e5 2. Nf3 Nf6 3. Nc3 Nc6 4. g3 d5 5. exd5 Nxd5 6. Bg2 Nxc3 7. bxc3 Bc5 8.
O-O O-O 9. d3 Bg4 10. h3 Bh5 11. g4 Bg6 12. Ng5 Be7 13. Ne4 f5 14. gxf5 Bxf5
15. Ng3 Bd7 16. Qh5 Qe8 17. Qxe8 Raxe8 18. Re1 Bd6 19. Re2 Nd8 20. Ne4 b6 21.
Nxd6 cxd6 22. Ba3 Rf6 23. Rae1 Rg6 24. Kh2 Ne6 25. Be4 Rh6 26. Bf5 Nf8 27. Bxd7
Nxd7 28. f4 Rc8 29. c4 exf4 30. Bb2 b5 31. cxb5 Rc5 32. Rg1 Rch5 33. Rxg7+ Kf8
34. Rxd7 Rxh3+ 35. Kg1 Rh1+ 36. Kg2 R6h2+ 37. Kf3 Rf1+ 38. Ke4 Rxe2+ 39. Kf5 f3
40. Rxh7 f2 41. Rh8+ Kf7 42. Rh7+ Ke8 0-1

[Event "Open Alimini A"]
[Site "Otranto ITA"]
[Date "2011.05.28"]
[Round "9"]
[White "Godena, Michele"]
[Black "Laketic, Gojko"]
[WhiteElo "2528"]
[BlackElo "2442"]
[Result "1-0"]
[PlyCount "81"]
[EventDate "2011.05.21"]

1. e4 d6 2. d4 Nf6 3. Bd3 e5 4. Nf3 Nbd7 5. c3 g6 6. O-O Bg7 7. Re1 O-O 8. Nbd2
Re8 9. Bc2 a6 10. a4 b6 11. d5 Bh6 12. a5 Rf8 13. axb6 cxb6 14. b4 Ne8 15. Nc4
Bxc1 16. Qxc1 Bb7 17. Ba4 Rc8 18. Bxd7 Rxc4 19. Bxe8 Rxe8 20. Nd2 Rc7 21. c4
Qe7 22. Qa3 Qg5 23. Nf3 Qf4 24. b5 Rxc4 25. Qxd6 Ba8 26. Qxb6 Rxe4 27. Rxe4
Qxe4 28. d6 Qd5 29. bxa6 e4 30. Ne1 Qd2 31. Qe3 Qxd6 32. a7 h5 33. h4 Qb4 34.
Rd1 Qe7 35. g3 Bb7 36. Rb1 Ra8 37. Nf3 Rd8 38. Ne1 Ra8 39. Ng2 Rd8 40. Qg5 Qc7
41. Qxd8+ 1-0

[Event "Open Alimini A"]
[Site "Otranto ITA"]
[Date "2011.05.28"]
[Round "9"]
[White "Kogan, Artur"]
[Black "Brunello, Marina"]
[WhiteElo "2556"]
[BlackElo "2177"]
[Result "1-0"]
[PlyCount "73"]
[EventDate "2011.05.21"]

1. e4 c5 2. Nf3 d6 3. Nc3 Nf6 4. d4 cxd4 5. Nxd4 a6 6. Be2 e5 7. Nf3 h6 8. a4
Be6 9. O-O Be7 10. b3 Qc7 11. Bb2 O-O 12. Re1 Nbd7 13. Nd2 Rac8 14. Nf1 Rfd8
15. Ne3 Bf8 16. a5 Nb8 17. Ncd5 Bxd5 18. exd5 Re8 19. b4 Nbd7 20. c4 e4 21. Rc1
Qd8 22. Bd4 Nh7 23. Bg4 g6 24. c5 h5 25. Bxd7 Qxd7 26. c6 Qe7 27. Qa4 Ng5 28.
Qa1 Nh7 29. Nc4 f5 30. Nb6 Rc7 31. cxb7 Rxb7 32. b5 axb5 33. a6 Rxb6 34. Bxb6
f4 35. a7 Ra8 36. Qd4 Ng5 37. Rc7 1-0

[Event "Open Alimini A"]
[Site "Otranto ITA"]
[Date "2011.05.28"]
[Round "9"]
[White "Korneev, Oleg"]
[Black "Naumkin, Igor"]
[WhiteElo "2573"]
[BlackElo "2506"]
[Result "1-0"]
[PlyCount "67"]
[EventDate "2011.05.21"]

1. e4 e5 2. Nf3 Nc6 3. Bb5 a6 4. Ba4 Nf6 5. O-O Be7 6. Re1 b5 7. Bb3 O-O 8. h3
d6 9. c3 Na5 10. Bc2 c5 11. d4 Nd7 12. Kh1 exd4 13. cxd4 Nc6 14. Nc3 cxd4 15.
Nxd4 Nxd4 16. Qxd4 Bb7 17. Bf4 Nc5 18. Nd5 Bxd5 19. Qxd5 Ne6 20. Bg3 Qb6 21.
Rad1 Rad8 22. Bb3 Nc5 23. Re2 Nxb3 24. Qxb3 Rfe8 25. Red2 h6 26. f3 Bf8 27. Rd5
Re6 28. e5 Rg6 29. f4 Re8 30. f5 Rg5 31. exd6 Re3 32. Bf2 Rxb3 33. Bxb6 Rxb2
34. g4 1-0

[Event "Open Alimini A"]
[Site "Otranto ITA"]
[Date "2011.05.28"]
[Round "9"]
[White "Lanzani, Mario"]
[Black "Conquest, Stuart C."]
[WhiteElo "2373"]
[BlackElo "2532"]
[Result "0-1"]
[PlyCount "90"]
[EventDate "2011.05.21"]

1. e4 c5 2. Nf3 e6 3. d4 cxd4 4. Nxd4 a6 5. c4 Nf6 6. Nc3 Qc7 7. Be2 Bb4 8. Nc2
Be7 9. O-O d6 10. f4 Nbd7 11. g4 h6 12. g5 hxg5 13. fxg5 d5 14. Bf4 Qb6+ 15.
Be3 Bc5 16. Bxc5 Qxc5+ 17. Qd4 Nxe4 18. Qxc5 Ndxc5 19. cxd5 Nxc3 20. bxc3 exd5
21. Bf3 Be6 22. Nd4 O-O-O 23. g6 Kc7 24. Rae1 Bh3 25. Bg2 fxg6 26. Rf7+ Rd7 27.
Bxd5 Rh5 28. Rxd7+ Kxd7 29. Re3 Rg5+ 30. Rg3 Rxd5 31. Rxh3 Rg5+ 32. Kf1 Rh5 33.
Rg3 Rxh2 34. Rxg6 Rxa2 35. Rxg7+ Kd6 36. Ke1 Rb2 37. Kd1 Kd5 38. Ne2 a5 39. Rg4
Ne4 40. c4+ Ke5 41. Rh4 a4 42. Rh5+ Kd6 43. Rd5+ Kc7 44. Ra5 Kb6 45. Rxa4 Rd2+
0-1

[Event "Open Alimini A"]
[Site "Otranto ITA"]
[Date "2011.05.28"]
[Round "9"]
[White "Messina, Roberta"]
[Black "Virzi, Ettore"]
[WhiteElo "1897"]
[BlackElo "1963"]
[Result "1/2-1/2"]
[PlyCount "39"]
[EventDate "2011.05.21"]

1. d4 Nf6 2. Nc3 d5 3. Bg5 Nbd7 4. Nf3 e6 5. e4 dxe4 6. Nxe4 Be7 7. Bxf6 Bxf6
8. Bd3 c5 9. Nxf6+ Nxf6 10. O-O O-O 11. dxc5 Qa5 12. Re1 Qxc5 13. Ne5 h6 14. c3
Nd7 15. Nxd7 Bxd7 16. Bc2 Qd5 17. Qxd5 exd5 18. Rad1 Be6 19. Bb3 Rfe8 20. h3
1/2-1/2